000 00741nam a2200253Ia 4500
003 GCL
008 140319s9999 xx 000 0 ara d
040 _aGCL /
_cGCL
082 0 4 _a370.15
_bس ت
100 1 _aسعيد مرسى اخمد
245 1 0 _aتربية الطفل قبل المدرسة /
_cسعيد مرسى اخمد
700 1 _aكوثر حسين كوجاك
260 _a[S.N] :
_bعالم الكتب الحديث ،
_c1983
300 _a448 ص
490 _a
650 0 4 _aالتعليم
650 0 4 _aالتربية
650 0 4 _aالمدرسة
650 0 4 _aالاطفال
650 0 4 _aرياض الاطفال
650 0 4 _aعلم النفس
650 0 4 _aعلم النفس التربوى
942 _2ddc
_cBK
999 _c31507
_d31507